Detalles MARC
| 000 -LEADER |
| fixed length control field |
01758nam a22002897a 4500 |
| 001 - CONTROL NUMBER |
| control field |
987 |
| 003 - CONTROL NUMBER IDENTIFIER |
| control field |
DO-SdBNP |
| 005 - DATE AND TIME OF LATEST TRANSACTION |
| control field |
20170919131038.0 |
| 007 - PHYSICAL DESCRIPTION FIXED FIELD--GENERAL INFORMATION |
| fixed length control field |
987 |
| 008 - FIXED-LENGTH DATA ELEMENTS--GENERAL INFORMATION |
| fixed length control field |
160606b 2006 dr |||| 00| 0 spa d |
| 020 ## - INTERNATIONAL STANDARD BOOK NUMBER |
| International Standard Book Number |
99934067 |
| 040 ## - CATALOGING SOURCE |
| Original cataloging agency |
BPMSU |
| Language of cataloging |
spa |
| Transcribing agency |
BPMSU |
| 082 #4 - DEWEY DECIMAL CLASSIFICATION NUMBER |
| Classification number |
331.88097293 |
| Item number |
G633s |
| 100 ## - MAIN ENTRY--PERSONAL NAME |
| Personal name |
Gómez Cerda, José |
| 245 ## - TITLE STATEMENT |
| Title |
El sindicalismo en la República Dominicana / |
| Statement of responsibility, etc. |
José Gómez Cerda ; prólogo Henry Molina |
| Medium |
|
| 260 0# - PUBLICATION, DISTRIBUTION, ETC. (IMPRINT) |
| Place of publication, distribution, etc. |
Santa Domingo : |
| Name of publisher, distributor, etc. |
Argo : |
| Date of publication, distribution, etc. |
2006 |
| 300 ## - PHYSICAL DESCRIPTION |
| Extent |
151 p. : |
| Dimensions |
24 cm. |
| 500 ## - GENERAL NOTE |
| General note |
Incluye datos biográficos del autor en las solapas |
| 505 0# - FORMATTED CONTENTS NOTE |
| Title |
Prólogo -- |
| -- |
Los antecedentes -- |
| -- |
Historia del sindicalismo dominicano 1961-1979 -- |
| -- |
Situración economica -- |
| -- |
Turismo |
| -- |
Las remesas de dominicanos en el exterior -- |
| -- |
El Tratado de Libre Comercio -- |
| -- |
El sistema de seguridad social dominicana -- |
| -- |
Los fondos de pensiones -- |
| -- |
Las viviendas y los trabajadores -- |
| -- |
El entorno internacional -- |
| -- |
El entorno internacional -- |
| -- |
Los trabajadores dominicanos y el Tratado de Libre Comercio (TLC) -- |
| -- |
El caso de Chile -- |
| -- |
El caso de México -- |
| -- |
El desarrollo de los recursos humanos -- |
| -- |
Proceso de unidad en el Caribe -- |
| -- |
Remesas -- |
| -- |
El trabajo y el sindicalismo -- |
| -- |
El trabajo humano -- |
| -- |
El movimiento de los trabajadores -- |
| -- |
Sindicalismo humanista -- |
| -- |
Sindicalismo autónomo -- |
| -- |
Sindicalismo ideológico -- |
| -- |
Sindicalismo y competitividad La educación y la comunicación -- |
| -- |
La educación permanente -- |
| 650 #4 - SUBJECT ADDED ENTRY--TOPICAL TERM |
| Topical term or geographic name as entry element |
SINDICALISMO |
| General subdivision |
HISTORIA |
| 650 #4 - SUBJECT ADDED ENTRY--TOPICAL TERM |
| Topical term or geographic name as entry element |
TRABAJO Y TRABAJADORES |
| 700 12 - ADDED ENTRY--PERSONAL NAME |
| Personal name |
Molina, Henry |
| Relator term |
pról. |
| 910 ## - USER-OPTION DATA (OCLC) |
| User-option data |
Validado. Control de calidad MFF |
| 942 ## - ADDED ENTRY ELEMENTS (KOHA) |
| Source of classification or shelving scheme |
Dewey Decimal Classification |
| Koha item type |
Libros |
| 945 ## - LOCAL PROCESSING INFORMATION (OCLC) |
| a |
Inventariado / 2017 VM |
| 956 ## - LOCAL ELECTRONIC LOCATION AND ACCESS (OCLC) |
| Host name |
VMATEO |
| Access number |
10 |
| Compression information |
20160606 |
| Path |
BPMSU |
| Electronic name |
0069 |